|
|
|
|
| LEADER |
00000nab a2200000uu 4500 |
| 001 |
vtls011154613 |
| 003 |
SK-MaSNL |
| 005 |
20260303121507.0 |
| 008 |
230131|1971 xo |||||||||||||||||slo| |
| 015 |
|
|
|a SNBRB
|
| 035 |
|
|
|a (urnnbn)urn:nbn:sk:snk:ar-a0a81r
|
| 035 |
|
|
|a (uuid)b8cd878a-328d-46ab-b285-8c74418f80d2
|
| 035 |
|
|
|a urn:nbn:sk:snk-abb3ba
|
| 040 |
|
|
|a SNKBUCL
|b slo
|c SNKBUCL
|e AACR2
|
| 041 |
0 |
|
|a slo
|
| 044 |
|
|
|a xo
|c SK
|
| 100 |
1 |
|
|a Hanes, Jozef,
|d 1932-
|4 aut
|9 191315
|
| 245 |
1 |
0 |
|a ŠTÚDIUM LYZIMETRICKÝCH VÔD HNEDOZEME NA SPRAŠI PRI INTENZÍVNOM HNOJENÍ MINERÁLNYMI HNOJIVAMI VI. MIGRÁCIA NIEKTORÝCH ANIÓNOV V PÔDNOM PROFILE
|c Jozef Hanes, Ján Nichta
|
| 246 |
3 |
|
|a A STUDY OF LYSIMETRIC WATERS OF BROWNEARTH IN LOESS IN INTENSIVE FERTILIZING WITH MINERAL FERTILIZERS. VI. MIGRATION OF SOME ANIONS IN SOIL PROFILE
|
| 700 |
1 |
|
|a Nichta, Ján
|4 trl
|9 46003
|
| 773 |
0 |
|
|t Poľnohospodárstvo : časopis pre poľnohospodárske vedy
|g Roč. 17, č. 11-12 (1971), s. 966-972
|
| 954 |
|
|
|a odborná, vedecká literatúra pôvodná (slovenská)
|2 lita
|
| 958 |
|
|
|a OND
|
| 958 |
|
|
|a EUIPO
|
| 958 |
|
|
|a article14
|
| 999 |
|
|
|c 1915813
|d 1917743
|